|
|
|
|
| LEADER |
02019nam a2200433 i 4500 |
| 001 |
EBC1377101 |
| 003 |
MiAaPQ |
| 005 |
20200520144314.0 |
| 006 |
m o d | |
| 007 |
cr cnu|||||||| |
| 008 |
140502t20142014gw o 000 0 ger d |
| 020 |
|
|
|z 9783486704884
|
| 020 |
|
|
|a 9783486755152 (e-book)
|
| 035 |
|
|
|a (MiAaPQ)EBC1377101
|
| 035 |
|
|
|a (Au-PeEL)EBL1377101
|
| 035 |
|
|
|a (CaPaEBR)ebr10861299
|
| 035 |
|
|
|a (CaONFJC)MIL584176
|
| 035 |
|
|
|a (OCoLC)874319976
|
| 040 |
|
|
|a MiAaPQ
|b eng
|e rda
|e pn
|c MiAaPQ
|d MiAaPQ
|
| 043 |
|
|
|a e-uk-en
|
| 050 |
|
4 |
|a KD7876
|b .F745 2014
|
| 082 |
0 |
|
|a 364.942
|2 23
|
| 100 |
1 |
|
|a Freitag, Sabine,
|e author.
|
| 245 |
1 |
0 |
|a Kriminologie in der Zivilgesellschaft :
|b Wissenschaftsdiskurse und die britische Offentlichkeit, 1830-1945 /
|c Sabine Freitag.
|
| 264 |
|
1 |
|a Munchen, Germany :
|b Oldenbourg Verlag Munchen,
|c 2014.
|
| 264 |
|
4 |
|c 2014
|
| 300 |
|
|
|a 1 online resource (526 pages).
|
| 336 |
|
|
|a text
|2 rdacontent
|
| 337 |
|
|
|a computer
|2 rdamedia
|
| 338 |
|
|
|a online resource
|2 rdacarrier
|
| 490 |
1 |
|
|a Veroffentlichungen des Deutschen Historischen Instituts in London ;
|v Band 73
|
| 588 |
|
|
|a Description based on online resource; title from PDF title page (ebrary, viewed May 2, 2014).
|
| 590 |
|
|
|a Electronic reproduction. Ann Arbor, MI : ProQuest, 2015. Available via World Wide Web. Access may be limited to ProQuest affiliated libraries.
|
| 650 |
|
0 |
|a Criminal justice, Administration of
|z England.
|
| 655 |
|
4 |
|a Electronic books.
|
| 776 |
0 |
8 |
|i Print version:
|t Kriminologie in der Zivilgesellschaft : Wissenschaftsdiskurse und die britische Offentlichkeit, 1830-1945.
|d Munchen, Germany : Oldenbourg Verlag Munchen, c2014
|h x, 512 pages
|k Veroffentlichungen des Deutschen Historischen Instituts in London ; Band 73.
|z 9783486704884
|
| 797 |
2 |
|
|a ProQuest (Firm)
|
| 830 |
|
0 |
|a Veroffentlichungen des Deutschen Historischen Instituts in London ;
|v Band 73.
|
| 856 |
4 |
0 |
|u https://ebookcentral.proquest.com/lib/matrademy/detail.action?docID=1377101
|z Click to View
|